• 首页
  • 本馆介绍
  • 公告通知
  • 最新文献
  • 馆藏检索
  • 电子资源
  • 读者导购
  • 参考咨询
  • 我的图书馆
  • 登录
  • 详细信息显示
  • 放入我的书架
  • 预约/预借图书
  • 作者相关作品
  • 分类相关作品
  • 丛书相关作品
  • 出版社相关作品

书目信息

  • 表格格式
  • 工作单格式
  • 卡片格式
题名:
普通化学
    
 
作者: ;高等工业学校普通化学编写组 编
分册: 上册  
出版信息: 北京   人民教育出版社  1956
页数: 237页
开本: 20cm
丛书名:
单 册:
中图分类: O6
科图分类:
主题词: 化学
电子资源:
ISBN:
000 00719nam0 2200229 450
001 0636858624
005 20060818105520.64
010    @dCNY0.75
091    @aK13010.138
100    @a20060421d1956 km y0chiy0120 ea
101 0  @achi
102    @aCN@b110000
200 1  @a普通化学@Apu tong hua xue@e初稿@h上册@f高等工业学校普通化学编写组编@Fgao deng gong ye xue xiao pu tong hua xue bian xie zu bian
210    @a北京@c人民教育出版社@d1956
215    @a237页@d20cm
300    @a高等学校教学用书
517 1  @a初稿@Achu gao
606 0  @a化学
690    @aO6@v3
711  0 @a高等工业学校普通化学编写组@Agao deng gong ye xue xiao pu tong hua xue bian xie zu@4编
801  0 @aCN@bPFT@c20060818
905    @a10447@dO6@e10:1
    
    普通化学:初稿.上册/高等工业学校普通化学编写组编.-北京:人民教育出版社,1956
    237页;20cm
    高等学校教学用书
    
    ISBN :CNY0.75
    
●
相关链接 在E读中查询图书 在五车中查询图书 在当当中查询图书 在豆瓣中查询图书


正题名:普通化学     索取号:O6/10:1         预约/预借

序号 登录号 条形码 馆藏地/架位号 状态 备注
1 0011488   202338194   密集书库/ [索取号:O6/10:1] 在馆    
2 0011489   202338185   密集书库/ [索取号:O6/10:1] 在馆    
3 0011492   202279328   密集书库/ [索取号:O6/10:1] 在馆    
4 0011494   202338210   密集书库/ [索取号:O6/10:1] 在馆    
5 0011495   202377793   密集书库/ [索取号:O6/10:1] 在馆    
6 0011496   202377784   密集书库/ [索取号:O6/10:1] 在馆    
7 0011497   202338176   密集书库/ [索取号:O6/10:1] 在馆    
8 0011498   202279337   密集书库/ [索取号:O6/10:1] 在馆    
9 0011501   202338229   密集书库/ [索取号:O6/10:1] 在馆    
10 0011502   202279355   密集书库/ [索取号:O6/10:1] 在馆    
11 0011503   202377828   密集书库/ [索取号:O6/10:1] 在馆    
12 0011504   202377418   密集书库/ [索取号:O6/10:1] 在馆    
13 0011543   202377481   密集书库/ [索取号:O6/10:1] 在馆    
14 0011544   202338050   密集书库/ [索取号:O6/10:1] 在馆    
15 0011545   202377748   密集书库/ [索取号:O6/10:1] 在馆    
16 0011546   202279319   密集书库/ [索取号:O6/10:1] 在馆    
17 0011547   202338201   密集书库/ [索取号:O6/10:1] 在馆    
18 0011548   202338041   密集书库/ [索取号:O6/10:1] 在馆    
19 0011549   202338167   密集书库/ [索取号:O6/10:1] 在馆    
20 0011550   202338274   密集书库/ [索取号:O6/10:1] 在馆    
21 0011810   202338283   密集书库/ [索取号:O6/10:1] 在馆    
22 0011811   202338292   密集书库/ [索取号:O6/10:1] 在馆    
23 0013292   202338256   密集书库/ [索取号:O6/10:1] 在馆    
24 0013293   202279346   密集书库/ [索取号:O6/10:1] 在馆    
25 0432543   204325435   密集书库/ [索取号:O6/10:1] 在馆    
26 0468651   204686517   密集书库/ [索取号:O6/10:1] 在馆    
唐山师范学院图书馆 欢迎您!
大连网信软件有限公司© 版权所有